000 00730nam a2200289Ia 4500
005 20260324134617.0
008 008 260324s9999 xx 000 0 eng d
020 _a9781410600196
037 _aEBOOK
040 _aCRL
040 _beng
040 _cCRL
041 _2eng
041 _aeng
084 _qCRL
100 _aJacob A. Burack; Nurit Yirmiya; Philip R. Zelazo; Tony Charman
_91197475
245 4 _aThe Development of Autism
245 0 _bPerspectives From Theory and Research
260 _bTaylor and Francis
260 _c2001
365 _a
365 _b230
856 _uhttp://www.taylorfrancis.com/books/9781410600196
942 _cEBOOK
999 _c1797746
_d1797746